MARC details
| 000 -LEADER |
| fixed length control field |
02741cam a22004934a 4500 |
| 001 - CONTROL NUMBER |
| control field |
muse87117 |
| 003 - CONTROL NUMBER IDENTIFIER |
| control field |
MdBmJHUP |
| 005 - DATE AND TIME OF LATEST TRANSACTION |
| control field |
20210127151748.0 |
| 006 - FIXED-LENGTH DATA ELEMENTS--ADDITIONAL MATERIAL CHARACTERISTICS |
| fixed length control field |
m o d |
| 007 - PHYSICAL DESCRIPTION FIXED FIELD--GENERAL INFORMATION |
| fixed length control field |
cr||||||||nn|n |
| 008 - FIXED-LENGTH DATA ELEMENTS--GENERAL INFORMATION |
| fixed length control field |
200721r20202013nyu o 00 0 spa d |
| 020 ## - INTERNATIONAL STANDARD BOOK NUMBER |
| International Standard Book Number |
9780615766010 |
| 035 ## - SYSTEM CONTROL NUMBER |
| System control number |
(OCoLC)1176454898 |
| 040 ## - CATALOGING SOURCE |
| Original cataloging agency |
MdBmJHUP |
| Transcribing agency |
MdBmJHUP |
| 041 1# - LANGUAGE CODE |
| Language code of text/sound track or separate title |
spa |
| Language code of original |
eng |
| 050 #4 - LIBRARY OF CONGRESS CALL NUMBER |
| Classification number |
PN1995 |
| Item number |
.M37818 2013 |
| 100 1# - MAIN ENTRY--PERSONAL NAME |
| Personal name |
Martin, Adrian, |
| Dates associated with a name |
1959- |
| Relator term |
author. |
| 240 10 - UNIFORM TITLE |
| Uniform title |
Last day every day. |
| Language of a work |
Spanish |
| 245 10 - TITLE STATEMENT |
| Title |
Último día cada día: Y otro escrito sobre cine y filosofía |
| Statement of responsibility, etc. |
Adrian Martin ; traducción de Cristina Álvarez López. |
| 264 #1 - PRODUCTION, PUBLICATION, DISTRIBUTION, MANUFACTURE, AND COPYRIGHT NOTICE |
| Name of producer, publisher, distributor, manufacturer |
Project Muse, |
| 264 #3 - PRODUCTION, PUBLICATION, DISTRIBUTION, MANUFACTURE, AND COPYRIGHT NOTICE |
| Name of producer, publisher, distributor, manufacturer |
Project MUSE, |
| 300 ## - PHYSICAL DESCRIPTION |
| Extent |
1 online resource (52 pages) : |
| Other physical details |
illustrations |
| 500 ## - GENERAL NOTE |
| General note |
Translation of: Last day every day : figural thinking from Auerbach and Kracauer to Agamben and Brenez. |
| 500 ## - GENERAL NOTE |
| General note |
Issued as part of book collections on Project MUSE. |
| 504 ## - BIBLIOGRAPHY, ETC. NOTE |
| Bibliography, etc. note |
Includes bibliographical references (pages [49]-52). |
| 505 0# - FORMATTED CONTENTS NOTE |
| Formatted contents note |
Último día cada día : pensamiento figural de Auerbach y Kracauer a Agamben y Brenez -- Avatares del encuentro |
| 506 0# - RESTRICTIONS ON ACCESS NOTE |
| Terms governing access |
Open Access |
| Standardized terminology for access restriction |
Unrestricted online access |
| Source of term |
star |
| 520 ## - SUMMARY, ETC. |
| Summary, etc. |
Dónde se encuentra el análisis cinematográfico hoy? Que está haciendo, en la oscuridad, la teoría del cine? Este campo, tal y como ha sido definido profesionalmente (por lo menos en el mundo academico anglo-americano), está dividido actualmente entre los historiadores interesados en el contexto social que examinan las grandes formaciones de la modernidad, y los expertos en el estilo que reclaman la vuelta de cosas pasadas de moda como la visión autoral, el tono, y la puesta en escena. Pero hay tambien otras corrientes, vitales e inventivas, de las que apenas estamos oyendo nada en ninguno de los canales oficiales. Último día cada día, que para esta edición ha sido extendido con el ensayo "Avatares del encuentro", hace brillar una luz sobre una de estas nuevas y excitantes vías. |
| 588 ## - SOURCE OF DESCRIPTION NOTE |
| Source of description note |
Description based on print version record. |
| 650 #0 - SUBJECT ADDED ENTRY--TOPICAL TERM |
| Topical term or geographic name entry element |
Motion pictures |
| General subdivision |
Philosophy. |
| 650 #0 - SUBJECT ADDED ENTRY--TOPICAL TERM |
| Topical term or geographic name entry element |
Film criticism. |
| 655 #0 - INDEX TERM--GENRE/FORM |
| Genre/form data or focus term |
Electronic books. |
| 655 #7 - INDEX TERM--GENRE/FORM |
| Genre/form data or focus term |
Electronic books. |
| Source of term |
local |
| 700 1# - ADDED ENTRY--PERSONAL NAME |
| Personal name |
López, Cristina Álvarez, |
| Relator term |
translator. |
| 710 2# - ADDED ENTRY--CORPORATE NAME |
| Corporate name or jurisdiction name as entry element |
Project Muse, |
| Relator term |
distributor. |
| 776 18 - ADDITIONAL PHYSICAL FORM ENTRY |
| Relationship information |
Print version: |
| International Standard Book Number |
9780615766010 |
| 710 2# - ADDED ENTRY--CORPORATE NAME |
| Corporate name or jurisdiction name as entry element |
Project Muse. |
| Relator term |
distributor |
| 830 #0 - SERIES ADDED ENTRY--UNIFORM TITLE |
| Uniform title |
Book collections on Project MUSE. |
| 856 40 - ELECTRONIC LOCATION AND ACCESS |
| Public note |
Full text available: |
| Uniform Resource Identifier |
<a href="https://muse.jhu.edu/book/76435/">https://muse.jhu.edu/book/76435/</a> |